[Event "GER-chT U12"]
[Site "Arendsee"]
[Date "2011.12.30"]
[Round "7.2"]
[White "Quandt, Franz Edmund"]
[Black "Richter, Fabian"]
[Result "0-1"]
[WhiteElo "1095"]
[BlackElo "1063"]
[PlyCount "84"]
[EventDate "2011.12.27"]
[EventType "team-swiss"]
[EventRounds "7"]
[EventCountry "GER"]
[SourceTitle "EXT 2022"]
[Source "ChessBase"]
[SourceDate "2021.10.06"]
[SourceVersion "1"]
[SourceVersionDate "2021.10.06"]
[SourceQuality "1"]
[WhiteTeam "Saalfeld U12"]
[BlackTeam "Kleve Turm U12"]
[WhiteTeamCountry "GER"]
[BlackTeamCountry "GER"]

1. d4 d5 2. e3 Nf6 3. Bd3 Nc6 4. c3 e6 5. f4 Bd6 6. Nf3 0-0 7. 0-0 b6 8. Ne5 Bxe5 9. fxe5 Nd7 10. Qf3 Qe7 11. e4 Bb7 12. exd5 Nd8 13. Qh3 g6 14. Qh6 Bxd5 15. Bg5 f6 16. exf6 Nxf6 17. Qh4 Kg7 18. Rxf6 Rxf6 19. Qh6+ Kg8 20. Bxf6 Qxf6 21. Nd2 Nf7 22. Qe3 Re8 23. Rf1 Qe7 24. a3 Qg5 25. Qf2 Nd6 26. c4 Bc6 27. g3 Qe7 28. c5 Nf7 29. Be4 Bb5 30. Re1 Ng5 31. cxb6 Nh3+ 32. Kg2 Nxf2 33. Kxf2 Rf8+ 34. Kg2 axb6 35. Nf3 Qf6 36. Re3 g5 37. g4 h5 38. h3 Qf4 39. Re1 hxg4 40. hxg4 Qxg4+ 41. Kf2 Qf4 42. d5 e5 0-1

[Event "GER-chT U12"]
[Site "Arendsee"]
[Date "2011.12.28"]
[Round "3.2"]
[White "Richter, Fabian"]
[Black "Gisy, Gianna"]
[Result "1/2-1/2"]
[WhiteElo "1063"]
[BlackElo "1329"]
[PlyCount "33"]
[EventDate "2011.12.27"]
[EventType "team-swiss"]
[EventRounds "7"]
[EventCountry "GER"]
[SourceTitle "EXT 2022"]
[Source "ChessBase"]
[SourceDate "2021.10.06"]
[SourceVersion "1"]
[SourceVersionDate "2021.10.06"]
[SourceQuality "1"]
[WhiteTeam "Kleve Turm U12"]
[BlackTeam "Hannover PSC U12"]
[WhiteTeamCountry "GER"]
[BlackTeamCountry "GER"]

1. e4 e5 2. Nf3 Nc6 3. Bc4 Nf6 4. Ng5 d5 5. exd5 Na5 6. Bb5+ c6 7. dxc6 bxc6 8. Qf3 Bd7 9. Ba4 Be7 10. Ne4 Rc8 11. Nbc3 0-0 12. d3 Nxe4 13. Nxe4 Nb7 14. Qg3 Qa5+ 15. Nc3 Kh8 16. a3 Rfe8 17. Be3 1/2-1/2

[Event "GER-chT U12"]
[Site "Arendsee"]
[Date "2011.12.28"]
[Round "4.2"]
[White "Roessler, Linus Benedict"]
[Black "Richter, Fabian"]
[Result "1/2-1/2"]
[WhiteElo "1558"]
[BlackElo "1063"]
[PlyCount "50"]
[EventDate "2011.12.27"]
[EventType "team-swiss"]
[EventRounds "7"]
[EventCountry "GER"]
[SourceTitle "EXT 2022"]
[Source "ChessBase"]
[SourceDate "2021.10.06"]
[SourceVersion "1"]
[SourceVersionDate "2021.10.06"]
[SourceQuality "1"]
[WhiteTeam "Magdeburg Aufbau Elbe U12"]
[BlackTeam "Kleve Turm U12"]
[WhiteTeamCountry "GER"]
[BlackTeamCountry "GER"]

1. e4 e5 2. Nf3 Nc6 3. Bc4 Bc5 4. c3 Nf6 5. d3 d6 6. Nbd2 0-0 7. 0-0 Bg4 8. h3 Bd7 9. Bb3 Be6 10. Bc2 Nd7 11. Re1 Qf6 12. Qe2 Qg6 13. Kh2 Qf6 14. Nf1 Rfe8 15. Ng3 h6 16. Be3 Bb6 17. Bxb6 Nxb6 18. Rad1 Rad8 19. a3 d5 20. Kg1 Qe7 21. a4 dxe4 22. Nxe4 Bd5 23. Ng3 Qf6 24. Nd2 Qg6 25. Nf3 Qf6 1/2-1/2